| 000 | 00388nam a2200097Ia 4500 | ||
|---|---|---|---|
| 008 | 180130s9999 xx 000 0 und d | ||
| 245 |
_cLee, Zong-Rong; Hsiao, Hsin-Huang Michael _aTaiwan: SME-oriented capitalism in transition |
||
| 260 | _c2014 | ||
| 300 | _aBook title: The Oxford handbook of Asian business systems--Acession number C19643; pages 238-259 | ||
| 650 | _aBUSINESS SYSTEMS--ASIA | ||
| 999 |
_c354419 _d354419 |
||